Detalles MARC
| 000 -LÍDER |
| Campo fijo de descripción fija |
02114aam a2200349 i 4500 |
| 001 - NÚMERO DE CONTROL |
| Campo de control |
768714001 |
| 003 - IDENTIFICADOR DEL NÚMERO DE CONTROL |
| Campo de control |
CO-MdFUSB |
| 005 - FECHA Y HORA DE LA ULTIMA TRANSACCIÓN |
| control field |
20240209112319.0 |
| 007 - CAMPO FIJO DE DESCRIPCIÓN FIJA--INFORMACIÓN GENERAL |
| Campo fijo de descripción fija |
ta |
| 008 - ELEMENTOS DE LONGITUD FIJA -- INFORMACIÓN GENERAL |
| Campo fijo de descripción fija -- Información general |
231010t19831983flu||||g |||| 00| 0 spa d |
| 020 ## - NÚMERO INTERNACIONAL NORMALIZADO PARA LIBROS |
| Número Internacional Normalizado del libro |
082971085X |
| 040 ## - FUENTE DE CATALOGACIÓN |
| Agencia de catalogación original |
CO-MdFUSB |
| Idioma de catalogación |
spa |
| Agencia que realiza la transcripción |
CO-MdFUSB |
| Agencia que realiza la modificación |
CO-MdFUSBC |
| Convenciones de la descripción |
rda |
| 041 ## - CÓDIGO DE IDIOMA |
| Código de idioma para texto/pista de sonido o título separado |
spa |
| Código de idioma original |
eng |
| 082 ## - NÚMERO DE CLASIFICACIÓN DECIMAL DEWEY |
| Número de la edición del Dewey |
23 |
| Número de clasificación |
248.32 |
| Clave de autor-Numero de item |
B765 |
| 100 ## - ASIENTO PRINCIPAL--NOMBRE PERSONAL |
| Nombre personal |
Bounds, Edward M. |
| Término relacionador |
autor |
| 240 ## - TITULO UNIFORME |
| Título uniforme |
<a href="The best of E. M Bounds">The best of E. M Bounds</a> |
| 245 ## - TÍTULO |
| Título del Material |
Orad sin cesar |
| Parte restante del título - Subtitulo |
: antología de sus escritos acerca de la oración |
| Mención de responsabilidad, etc. |
/ E. M. Bounds ; traducido por David R. Powell |
| 250 ## - MENCIÓN DE EDICIÓN |
| Mención de edición |
edición en idioma castellano |
| 264 #1 - PRODUCCIÓN, PUBLICACIÓN, DISTRIBUCIÓN, MANUFACTURA, Y COPYRIGHT |
| Lugar de producción, publicación, distribución, manufactura |
Miami, Florida : |
| Nombre del productor, publicador, distribuidor |
Vida, |
| Fecha de producción, publicación, distribución, manufactura, o copyright |
[1983] |
| 264 #4 - PRODUCCIÓN, PUBLICACIÓN, DISTRIBUCIÓN, MANUFACTURA, Y COPYRIGHT |
| Fecha de producción, publicación, distribución, manufactura, o copyright |
©1983 |
| 300 ## - DESCRIPCIÓN FÍSICA |
| Extensión |
224 páginas |
| Dimensiones |
; 18 cm |
| 336 ## - TIPO DE CONTENIDO |
| Fuente |
rdacontent |
| Término de tipo de contenido |
texto |
| Código de tipo de contenido |
txt |
| 337 ## - TIPO DE MEDIO |
| Fuente |
rdamedia |
| Nombre del tipo de medio |
sin mediación |
| Código del tipo de medio |
n |
| 338 ## - TIPO DE SOPORTE |
| Fuente |
rdacarrier |
| Nombre del tipo de soporte |
volumen |
| Código Tipo de soporte |
nc |
| 504 ## - NOTA DE BIBLIOGRAFÍA, ETC. |
| Nota de bibliografía, etc |
Incluye índice |
| 505 ## - NOTA DE CONTENIDO |
| Título |
Extractos de la necesidad de la oración. |
| Nota de contenido con formato preestablecido |
La oración y la palabra de Dios -- La oración y la Fe. |
| Título |
Extractos de los elementos esenciales de la oración. |
| Nota de contenido con formato preestablecido |
La oración y la humildad -- La oración y la devoción -- La oración, la alabanza y la acción de gracias. |
| Título |
Extractos de El propósito de la oración. |
| Nota de contenido con formato preestablecido |
El propósito de la oracion. |
| Título |
Extractos de poder por medio de la oración. |
| Nota de contenido con formato preestablecido |
Debemos dedicar mucho tiempo a la oración -- La oración señala el liderazgo espiritual -- Los predicadores necesitan las oraciones de los demás. |
| Título |
Extractos de la oración y los hombres de oración. |
| Nota de contenido con formato preestablecido |
Santos de oración del Antiguo Testamento -- Moisés, el poderoso intercesor -- Pablo, el maestro de la oración. |
| Título |
Extractos de la realidad de la oración. |
| Nota de contenido con formato preestablecido |
La oración: un privilegio magnifico y sagrado -- Jesucristo, el divino Maestro de la oración -- La oración modelo del Señor. |
| Título |
La necesidad de hombres de oración -- El ministerio y la oración. |
| Nota de contenido con formato preestablecido |
El ministerio de la oración -- La oración y su gran alcance -- La respuesta a la oración -- La oración y la providencia divina. |
| 563 ## - NOTA DE ENCUADERNACIÓN |
| Nota de encuadernación |
Rústico |
| 650 #7 - ASIENTO SECUNDARIO DE MATERIA - TERMINO TEMÁTICO |
| 9 (RLIN) |
86 |
| Término temático o nombre geográfico como elemento de entrada |
Oración |
| 700 1# - ASIENTO SECUNDARIO - NOMBRE PERSONAL |
| 9 (RLIN) |
1384 |
| Nombre personal |
Powell, David R. |
| Responsabilidad |
traductor |
| 942 ## - TIPO DE MATERIAL (KOHA) |
| Tipo de Item KOHA |
Libros General |
| 945 ## - INFORMACIÓN LOCAL DEL REGISTRO |
| Catalogador |
sor1564 |